00717nam a2200205Ia 4500952014300000999001500143003000400158005001700162008004100179020001800220040000900238082001800247100002900265245007500294250001200369260006400381300000900445650001500454942004200469 00102ddc40708MANAGEMENTaMESbMEScMANAGEMENTd2019-02-20g425.00l0o658.15 CHA/Fp34236r2019-02-20 00:00:00w2019-02-20yBKzGL57R3 c7469d7469OSt20200116095757.0190216s9999||||xx |||||||||||||| ||und|| a9780070680203 coclc a658.15bCHA/F a Chandra, Prasanna91069 0aFinance Sense : Finance for non-finance executives /cPrasanna Chandra a4th ed. bTata Mcgraw Hill Publishing Company Ltd,c2010.aNew Delhi: a495p xManagement cBK2ddch658.15iCHA/Fk658.15mCHA/F